[Event "Barcelona Sant Marti op-A 19th"]
[Site "Barcelona"]
[Date "2017.07.13"]
[Round "1"]
[White "Tejaswini, Sagar"]
[Black "Catala Ulied, Bernat"]
[Result "1-0"]
[WhiteElo "2160"]
[BlackElo "1761"]
[PlyCount "41"]
[EventDate "2017.07.13"]
[EventType "swiss"]
[EventRounds "9"]
[EventCountry "ESP"]
[SourceTitle "EXT 2018"]
[Source "ChessBase"]
[SourceDate "2017.10.13"]
[SourceVersion "1"]
[SourceVersionDate "2017.10.13"]
[SourceQuality "1"]

1. e4 c5 2. Nf3 d6 3. d4 Nf6 4. Nc3 cxd4 5. Nxd4 Nc6 6. Bg5 e6 7. Qd2 Qb6 8. Nb3 Bd7 9. Be3 Qd8 10. f3 a6 11. g4 Ne5 12. Be2 h6 13. h4 Qc7 14. 0-0-0 0-0-0 15. g5 Nh5 16. Rhg1 Kb8 17. f4 Nc4 18. Bxc4 Qxc4 19. Qf2 g6 20. Bb6 Rc8 21. Na5 1-0

[Event "Barcelona-B 1st"]
[Site "Barcelona"]
[Date "2015.12.08"]
[Round "9"]
[White "Conde Chijeb, Manuel Jesus"]
[Black "Catala Ulied, Bernat"]
[Result "0-1"]
[WhiteElo "1738"]
[BlackElo "1359"]
[PlyCount "53"]
[EventDate "2015.12.05"]
[EventType "tourn"]
[EventRounds "9"]
[EventCountry "ESP"]
[SourceTitle "EXT 2024"]
[Source "ChessBase"]
[SourceDate "2023.10.10"]
[SourceVersion "1"]
[SourceVersionDate "2023.10.10"]
[SourceQuality "1"]

1. c4 Nf6 2. Nc3 g6 3. e4 d6 4. g3 Bg7 5. Bg2 c5 6. Nf3 0-0 7. 0-0 Nc6 8. d3 e6 9. Nd2 a6 10. Nb3 Rb8 11. f4 Qc7 12. Qf3 Bd7 13. Re1 b5 14. cxb5 axb5 15. e5 dxe5 16. Nxc5 Nd4 17. Qd1 Qxc5 18. Be3 exf4 19. gxf4 Qd6 20. a3 Nf5 21. Ba7 Rbc8 22. Ne4 Qc7 23. Bc5 Nxe4 24. Bxf8 Qa7+ 25. d4 Bxd4+ 26. Kf1 Bxb2 27. Rb1 0-1

[Event "Barcelona Sant Marti op-B 17th"]
[Site "Barcelona"]
[Date "2015.07.13"]
[Round "1"]
[White "Febrero Perez, Lluis"]
[Black "Catala Ulied, Bernat"]
[Result "1-0"]
[WhiteElo "1787"]
[BlackElo "1977"]
[PlyCount "55"]
[EventDate "2015.07.13"]
[EventType "swiss"]
[EventRounds "9"]
[EventCountry "ESP"]
[SourceTitle "EXT 2016"]
[Source "ChessBase"]
[SourceDate "2015.10.08"]
[SourceVersion "1"]
[SourceVersionDate "2015.10.08"]
[SourceQuality "1"]

1. e4 c5 2. Nf3 d6 3. Bb5+ Bd7 4. Qe2 a6 5. Bxd7+ Qxd7 6. 0-0 g6 7. Na3 Bg7 8. Nc4 Qc7 9. Rb1 b5 10. Ne3 Nf6 11. d3 0-0 12. Bd2 Nc6 13. c3 e6 14. Rfc1 Qd7 15. b4 Rfd8 16. Ne1 cxb4 17. cxb4 d5 18. Ng4 Nxg4 19. Qxg4 dxe4 20. Qxe4 Ne5 21. Rb3 Rac8 22. Rxc8 Rxc8 23. d4 Nc6 24. Be3 Nxd4 25. Bxd4 Qxd4 26. Qb7 Qc4 27. Rd3 Qc6 28. Rd8+ 1-0

[Event "Benidorm Nuevas Generaciones U16"]
[Site "Benidorm"]
[Date "2014.12.05"]
[Round "1"]
[White "Gimeno Simo, Sergio"]
[Black "Catala Ulied, Bernat"]
[Result "1-0"]
[WhiteElo "1730"]
[BlackElo "1351"]
[PlyCount "127"]
[EventDate "2014.12.05"]
[EventType "swiss"]
[EventRounds "6"]
[EventCountry "ESP"]
[SourceTitle "EXT 2022"]
[Source "ChessBase"]
[SourceDate "2021.10.06"]
[SourceVersion "1"]
[SourceVersionDate "2021.10.06"]
[SourceQuality "1"]

1. e4 c5 2. Nc3 Nc6 3. g3 g6 4. Bg2 Bg7 5. d3 e6 6. f4 Nge7 7. Nf3 0-0 8. 0-0 d5 9. e5 Nf5 10. Ne2 b5 11. c3 c4 12. d4 Rb8 13. g4 Nfe7 14. Ng3 b4 15. h4 Bd7 16. h5 bxc3 17. bxc3 Qa5 18. Qe1 a6 19. hxg6 fxg6 20. Ne2 Rb5 21. Qh4 Qb6 22. Ng5 h6 23. Nf3 Rb1 24. Rxb1 Qxb1 25. Ba3 g5 26. Rxb1 gxh4 27. Nxh4 Rf7 28. Bh3 Kh7 29. Rb7 Ng6 30. Nxg6 Kxg6 31. f5+ exf5 32. gxf5+ Kg5 33. e6 Bxe6 34. Rb6 Bd7 35. Rxa6 Bf8 36. Bc1+ Kh4 37. Kh2 Bd6+ 38. Bf4 Re7 39. Bxd6 Rxe2+ 40. Bg2 Nd8 41. Ra7 Bxf5 42. Be7+ Kh5 43. Bxd8 Be4 44. Rg7 Rxa2 45. Kh3 Bxg2+ 46. Rxg2 Rxg2 47. Kxg2 Kg4 48. Kf2 h5 49. Ke3 Kg3 50. Be7 Kg4 51. Bd6 h4 52. Be5 h3 53. Bh2 Kg5 54. Kf3 Kf5 55. Bf4 Kf6 56. Kg4 Kg6 57. Be5 Kh6 58. Kxh3 Kg5 59. Kg3 Kf5 60. Kf3 Kg5 61. Bc7 Kf5 62. Bf4 Kf6 63. Kg4 Ke6 64. Kg5 1-0

[Event "Foment Martinenc op-B 16th"]
[Site "Barcelona"]
[Date "2014.05.31"]
[Round "6"]
[White "Cardo Llagostera, Joana Llum"]
[Black "Catala Ulied, Bernat"]
[Result "1/2-1/2"]
[WhiteElo "1883"]
[BlackElo "1749"]
[PlyCount "63"]
[EventDate "2014.04.26"]
[EventType "swiss"]
[EventRounds "9"]
[EventCountry "ESP"]
[SourceTitle "EXT 2015"]
[Source "ChessBase"]
[SourceDate "2014.11.20"]
[SourceVersion "1"]
[SourceVersionDate "2014.11.20"]
[SourceQuality "1"]

1. c4 e5 2. Nc3 Nc6 3. g3 f5 4. Bg2 Nf6 5. d3 Bc5 6. Nf3 0-0 7. 0-0 d6 8. e3 Qe8 9. a3 a5 10. b3 Qh5 11. Bb2 g5 12. Nd2 Qg6 13. Re1 h5 14. h3 Kh7 15. Nb5 Bb6 16. Rc1 f4 17. Qc2 fxg3 18. fxg3 Rf7 19. d4 Bf5 20. Qd1 Bd3 21. Nf3 e4 22. Nd2 Raf8 23. Bf1 Nd7 24. Bxd3 exd3 25. Rf1 Rxf1+ 26. Nxf1 Qf5 27. Qxh5+ Kg8 28. Kh1 Qe4+ 29. Kg1 Qf5 30. Kh1 Qe4+ 31. Kg1 Qf5 32. Kh1 1/2-1/2

[Event "Foment Martinenc op-B 16th"]
[Site "Barcelona"]
[Date "2014.05.24"]
[Round "5"]
[White "Catala Ulied, Bernat"]
[Black "Brunet Gil, Pol"]
[Result "1-0"]
[WhiteElo "1749"]
[BlackElo "1853"]
[PlyCount "93"]
[EventDate "2014.04.26"]
[EventType "swiss"]
[EventRounds "9"]
[EventCountry "ESP"]
[SourceTitle "EXT 2015"]
[Source "ChessBase"]
[SourceDate "2014.11.20"]
[SourceVersion "1"]
[SourceVersionDate "2014.11.20"]
[SourceQuality "1"]

1. c4 c6 2. d4 d5 3. cxd5 cxd5 4. g3 Nf6 5. Bg2 Nc6 6. Nf3 Qb6 7. 0-0 Bf5 8. a3 a5 9. Nc3 e6 10. Na4 Qa7 11. Bf4 b5 12. Rc1 Rc8 13. Ne5 Qb7 14. Nc5 Bxc5 15. Rxc5 0-0 16. Qc1 Nxd4 17. Qe3 Rxc5 18. Qxd4 Rfc8 19. b4 axb4 20. axb4 Rc2 21. e3 Nh5 22. g4 Nxf4 23. exf4 Bg6 24. h4 h6 25. Nxg6 fxg6 26. Qe5 Kf7 27. f5 Qe7 28. fxg6+ Kxg6 29. Bxd5 Kf7 30. Re1 R8c7 31. Bxe6+ Ke8 32. Qxb5+ Kf8 33. Qb8+ Rc8 34. Qf4+ Ke8 35. Bf7+ Kd8 36. Qd4+ Qd7 37. Re8+ Kc7 38. Qa7+ Kd6 39. Qb6+ R8c6 40. Qd4+ Kc7 41. Qa7+ Kd6 42. Qd4+ Kc7 43. Qe5+ Rd6 44. Re7 Kd8 45. Rxd7+ Kxd7 46. Qf5+ Kc6 47. Qxc2+ 1-0

[Event "Foment Martinenc op-B 16th"]
[Site "Barcelona"]
[Date "2014.05.17"]
[Round "4"]
[White "Catala Ulied, Guillem"]
[Black "Catala Ulied, Bernat"]
[Result "1/2-1/2"]
[WhiteElo "1799"]
[BlackElo "1749"]
[PlyCount "42"]
[EventDate "2014.04.26"]
[EventType "swiss"]
[EventRounds "9"]
[EventCountry "ESP"]
[SourceTitle "EXT 2015"]
[Source "ChessBase"]
[SourceDate "2014.11.20"]
[SourceVersion "1"]
[SourceVersionDate "2014.11.20"]
[SourceQuality "1"]

1. e4 c5 2. Nf3 d6 3. d4 cxd4 4. Nxd4 Nf6 5. Nc3 g6 6. Be3 Bg7 7. f3 0-0 8. Qd2 Nc6 9. 0-0-0 d5 10. exd5 Nxd5 11. Nxd5 Nxd4 12. Bxd4 Qxd5 13. Bxg7 Qxd2+ 14. Rxd2 Kxg7 15. a3 Bf5 16. Bd3 Bxd3 17. Rxd3 Rfd8 18. Rxd8 Rxd8 19. Rd1 Rxd1+ 20. Kxd1 b5 21. b4 a6 1/2-1/2

[Event "Foment Martinenc op-B 15th"]
[Site "Barcelona"]
[Date "2013.04.27"]
[Round "2"]
[White "Llados Masllorens, Josep"]
[Black "Catala Ulied, Bernat"]
[Result "1-0"]
[WhiteElo "1379"]
[BlackElo "1396"]
[PlyCount "51"]
[EventDate "2013.04.20"]
[EventType "swiss"]
[EventRounds "9"]
[EventCountry "ESP"]
[SourceTitle "CBM 154 Extra"]
[Source "ChessBase"]
[SourceDate "2013.06.25"]
[SourceVersion "2"]
[SourceVersionDate "2013.06.25"]
[SourceQuality "1"]

1. d4 Nf6 2. Nf3 g6 3. Nc3 Bg7 4. Bf4 d6 5. e4 0-0 6. Be2 c5 7. e5 dxe5 8. dxe5 Nfd7 9. Qd2 Nc6 10. 0-0-0 Qa5 11. Qe3 a6 12. g4 b5 13. Kb1 b4 14. Nd5 e6 15. Nf6+ Nxf6 16. exf6 Bxf6 17. Bh6 Bg7 18. h4 Qb6 19. Bxg7 Kxg7 20. h5 b3 21. cxb3 e5 22. hxg6 fxg6 23. Qh6+ Kf7 24. Qxh7+ Ke8 25. Qxg6+ Rf7 26. Nxe5 1-0